| 000 | 00000nam##2200000za#4500 |
| 001 | 9.616670 |
| 003 | CaOODSP |
| 005 | 20210615101731 |
| 007 | ta |
| 008 | 150406|2003||||xxc||||| f|0| 0 eng|d |
| 040 | |aCaOODSP|beng |
| 043 | |an-cn--- |
| 086 | 1 |aNH18-22/103-118E |
| 110 | 2 |aCanada Mortgage and Housing Corporation. |
| 245 | 10|aInvestigation of a ground-source heat pump retrofit to an electrically heated multi-family building |
| 260 | |bCanada Mortgage and Housing Corporation |c2003. |
| 300 | |a3p. ; |c28 cm. |
| 490 | 1 |aResearch highlight. Technical series |v03-118 |
| 520 | 3 |aThese technical papers summarize a wide range of housing-related studies, reports, and manuals. They examine issues as diverse as low-maintenance northern landscaping; policy options for achieving healthy indoor air quality; and various aspects of building performance, including high-rise building envelope performance, performance of various building materials, and evaluations of district heating systems. |
| 563 | |aPamphlet |
| 590 | |a04-01|b2004-01-02 |
| 690 | 07|aHeating|2gcpds |
| 690 | 07|aHousing|2gcpds |
| 775 | 08|tÉtude sur l'installation en rattrapage de pompes géothermiques dans un collectif d'habitation chauffé à l'électricité |w(CaOODSP)9.626444 |
| 776 | 0#|tInvestigation of a ground-source heat pump retrofit to an electrically heated multi-family building |w(CaOODSP)9.581082 |
| 830 | #0|aResearch highlight. Technical series ;|v03-118|w(CaOODSP)9.514826 |